| 000 | 01027nam a2200277Ia 4500 | ||
|---|---|---|---|
| 003 | OSt | ||
| 005 | 20221005110917.0 | ||
| 006 | a|||||r|||| 00| 0 | ||
| 007 | ta | ||
| 008 | 221004b |||||||| |||| 00| 0 hin d | ||
| 020 |
_a9788126724864 (hbk) _c350 |
||
| 024 | _a20038 | ||
| 037 |
_bBR8453, 23/03/2015, Rajkamal Prakashan Pvt. Ltd. _cTextual |
||
| 040 |
_aCRL _cCRL _bhin |
||
| 041 |
_2hin _ahin |
||
| 082 | _aO152,6N07x, Q3 | ||
| 100 | _aमहादेवी | ||
| 245 | 0 | _aसात भूमिकाएॅं | |
| 246 | _aSāt bhūmikāeॅan | ||
| 260 |
_aनई दिल्ली _bराजकमल प्रकाशन भारत _c2013 |
||
| 300 |
_a183पृ0 _ccm. |
||
| 650 | _aहिन्दी साहित्य | ||
| 700 | _a दूधनाथ सिंह, संपा. | ||
| 942 |
_hO152,6N07x, Q3 _cTEXL _2cc |
||
| 999 |
_c1020248 _d1020248 |
||